000 00704nam a2200265Ia 4500
005 20260121165416.0
008 008 260114s9999 xx 000 0 eng d
020 _a9784431560425
037 _aEBOOK
040 _aCRL
040 _beng
040 _cCRL
041 _2eng
041 _aeng
084 _qCRL
100 _aKazunari Sasaki, Hai-Wen Li, Akari Hayashi, Junichiro Yamabe, Teppei Ogura, Stephen M. Lyth
_91051343
245 0 _aHydrogen Energy Engineering
260 _bSpringer
260 _bSpringer
260 _c2016
856 _uhttps://link.springer.com/openurl?genre=book&isbn=978-4-431-56042-5
942 _cEBOOK
999 _c1617068
_d1617068